[Event "English Open Championship 2024"]
[Site "Holiday Inn, 212 Abbey End, Kenilworth CV8 1ED, United Kingdom"]
[Date "2024.06.23"]
[Round "7.2"]
[White "Wells, Peter K"]
[Black "Jones, Gawain Cb"]
[Result "0-1"]
[TimeControl "G90 + 30secs/move"]
[WhiteFideId "400327"]
[BlackFideId "409561"]
[WhiteElo "2354"]
[BlackElo "2633"]

1. e4 {[%clk 01:30:50]} {[%emt 00:00:08]} e5 {[%clk 01:21:18]} {[%emt
00:09:43]} 2. Nf3 {[%clk 01:31:08]} {[%emt 00:00:12]} Nc6 {[%clk 01:21:44]}
{[%emt 00:00:04]} 3. Bb5 {[%clk 01:31:23]} {[%emt 00:00:15]} a6 {[%clk
01:22:09]} {[%emt 00:00:06]} 4. Ba4 {[%clk 01:31:39]} {[%emt 00:00:13]} Nf6
{[%clk 01:22:33]} {[%emt 00:00:05]} 5. O-O {[%clk 01:32:00]} {[%emt 00:00:09]}
d6 {[%clk 01:22:58]} {[%emt 00:00:06]} 6. c3 {[%clk 01:31:36]} {[%emt
00:00:55]} Bd7 {[%clk 01:23:21]} {[%emt 00:00:06]} 7. d4 {[%clk 01:31:33]}
{[%emt 00:00:33]} g6 {[%clk 01:23:35]} {[%emt 00:00:16]} 8. Bxc6 {[%clk
01:27:30]} {[%emt 00:04:33]} Bxc6 {[%clk 01:23:59]} {[%emt 00:00:06]} 9. dxe5
{[%clk 01:27:55]} {[%emt 00:00:05]} Nxe4 {[%clk 01:20:23]} {[%emt 00:04:06]} 10.
Nbd2 {[%clk 01:25:16]} {[%emt 00:03:10]} Nc5 {[%clk 01:12:55]} {[%emt
00:07:57]} 11. Re1 {[%clk 01:01:14]} {[%emt 00:24:32]} Be7 {[%clk 01:06:12]}
{[%emt 00:07:13]} 12. exd6 {[%clk 00:29:24]} {[%emt 00:32:21]} cxd6 {[%clk
00:57:09]} {[%emt 00:09:33]} 13. Nb3 {[%clk 00:25:39]} {[%emt 00:04:15]} O-O
{[%clk 00:55:27]} {[%emt 00:02:10]} 14. Nxc5 {[%clk 00:20:55]} {[%emt
00:05:15]} dxc5 {[%clk 00:55:39]} {[%emt 00:00:18]} 15. Qxd8 {[%clk 00:21:16]}
{[%emt 00:00:09]} Bxd8 {[%clk 00:55:54]} {[%emt 00:00:14]} 16. Bh6 {[%clk
00:21:26]} {[%emt 00:00:20]} Re8 {[%clk 00:56:04]} {[%emt 00:00:21]} 17. Ne5
{[%clk 00:21:26]} {[%emt 00:00:31]} Ba4 {[%clk 00:50:02]} {[%emt 00:06:31]} 18.
b3 {[%clk 00:11:38]} {[%emt 00:10:18]} f6 {[%clk 00:44:42]} {[%emt 00:05:50]}
19. Nxg6 {[%clk 00:08:49]} {[%emt 00:03:19]} Rxe1+ {[%clk 00:35:48]} {[%emt
00:09:24]} 20. Rxe1 {[%clk 00:09:16]} {[%emt 00:00:03]} Bxb3 {[%clk 00:36:01]}
{[%emt 00:00:18]} 21. axb3 {[%clk 00:04:43]} {[%emt 00:05:03]} hxg6 {[%clk
00:36:19]} {[%emt 00:00:11]} 22. c4 {[%clk 00:04:08]} {[%emt 00:01:05]} g5
{[%clk 00:34:18]} {[%emt 00:02:31]} 23. h4 {[%clk 00:03:13]} {[%emt 00:01:26]}
Kf7 {[%clk 00:33:01]} {[%emt 00:01:46]} 24. hxg5 {[%clk 00:02:16]} {[%emt
00:01:28]} fxg5 {[%clk 00:33:25]} {[%emt 00:00:05]} 25. f4 {[%clk 00:02:30]}
{[%emt 00:00:16]} g4 {[%clk 00:33:46]} {[%emt 00:00:09]} 26. Bg5 {[%clk
00:01:39]} {[%emt 00:01:21]} Bxg5 {[%clk 00:31:33]} {[%emt 00:02:42]} 27. fxg5
{[%clk 00:02:07]} {[%emt 00:00:02]} Rd8 {[%clk 00:31:58]} {[%emt 00:00:06]} 28.
Re5 {[%clk 00:01:03]} {[%emt 00:01:34]} Rd3 {[%clk 00:30:35]} {[%emt 00:01:52]}
29. Rxc5 {[%clk 00:01:09]} {[%emt 00:00:25]} Rxb3 {[%clk 00:30:32]} {[%emt
00:00:33]} 30. Kf2 {[%clk 00:01:32]} {[%emt 00:00:07]} Kg6 {[%clk 00:29:52]}
{[%emt 00:01:10]} 31. Rd5 {[%clk 00:01:27]} {[%emt 00:00:36]} Kh5 {[%clk
00:27:56]} {[%emt 00:02:25]} 32. c5 {[%clk 00:00:44]} {[%emt 00:01:13]} a5
{[%clk 00:24:33]} {[%emt 00:03:53]} 33. c6 {[%clk 00:00:43]} {[%emt 00:00:31]}
bxc6 {[%clk 00:24:57]} {[%emt 00:00:06]} 34. Rxa5 {[%clk 00:01:10]} {[%emt
00:00:03]} Rb5 {[%clk 00:25:15]} {[%emt 00:00:12]} 35. Ra8 {[%clk 00:00:41]}
{[%emt 00:01:00]} Kxg5 {[%clk 00:25:25]} {[%emt 00:00:19]} 36. Rg8+ {[%clk
00:00:56]} {[%emt 00:00:15]} Kf4 {[%clk 00:25:37]} {[%emt 00:00:17]} 37. g3+
{[%clk 00:00:54]} {[%emt 00:00:33]} Kf5 {[%clk 00:26:02]} {[%emt 00:00:04]} 38.
Rf8+ {[%clk 00:01:10]} {[%emt 00:00:15]} Ke6 {[%clk 00:24:56]} {[%emt
00:01:35]} 39. Rg8 {[%clk 00:00:36]} {[%emt 00:01:06]} Rb4 {[%clk 00:24:00]}
{[%emt 00:01:25]} 40. Ke3 {[%clk 00:00:45]} {[%emt 00:00:21]} Kd6 {[%clk
00:23:50]} {[%emt 00:00:40]} 41. Rg5 {[%clk 00:00:33]} {[%emt 00:00:41]} Ra4
{[%clk 00:23:23]} {[%emt 00:00:58]} 42. Rg8 {[%clk 00:00:37]} {[%emt 00:00:26]}
Kc5 {[%clk 00:22:53]} {[%emt 00:01:00]} 43. Rg5+ {[%clk 00:00:40]} {[%emt
00:00:27]} Kb6 {[%clk 00:23:18]} {[%emt 00:00:05]} 44. Ke2 {[%clk 00:00:38]}
{[%emt 00:00:33]} c5 {[%clk 00:23:26]} {[%emt 00:00:22]} 45. Ke3 {[%clk
00:00:55]} {[%emt 00:00:13]} Kb5 {[%clk 00:23:15]} {[%emt 00:00:40]} 46. Ke2
{[%clk 00:00:39]} {[%emt 00:00:47]} Rd4 {[%clk 00:23:07]} {[%emt 00:00:37]} 47.
Ke3 {[%clk 00:00:35]} {[%emt 00:00:35]} Kc4 {[%clk 00:20:27]} {[%emt 00:03:10]}
48. Ke2 {[%clk 00:00:33]} {[%emt 00:00:33]} Re4+ {[%clk 00:19:52]} {[%emt
00:01:02]} 49. Kd2 {[%clk 00:00:53]} {[%emt 00:00:12]} Kb4 {[%clk 00:20:10]}
{[%emt 00:00:11]} 50. Rg8 {[%clk 00:01:01]} {[%emt 00:00:22]} Kb3 {[%emt
00:01:04]} 51. Rb8+ {[%clk 00:01:14]} {[%emt 00:00:15]} Rb4 {[%clk 00:19:18]}
{[%emt 00:00:50]} 52. Rc8 {[%clk 00:00:41]} {[%emt 00:01:04]} c4 {[%clk
00:19:21]} {[%emt 00:00:26]} 53. Rc5 {[%clk 00:00:40]} {[%emt 00:00:31]} Rb8
{[%clk 00:19:15]} {[%emt 00:00:35]} 54. Rg5 {[%clk 00:00:32]} {[%emt 00:00:38]}
c3+ {[%clk 00:15:21]} {[%emt 00:04:24]} 55. Kc1 {[%clk 00:00:39]} {[%emt
00:00:24]} Rf8 {[%clk 00:15:27]} {[%emt 00:00:24]} 56. Rb5+ {[%clk 00:01:01]}
{[%emt 00:00:08]} Kc4 {[%clk 00:15:53]} {[%emt 00:00:04]} 57. Rg5 {[%clk
00:01:18]} {[%emt 00:00:13]} Rf1+ {[%clk 00:15:53]} {[%emt 00:00:30]} 58. Kc2
{[%clk 00:01:44]} {[%emt 00:00:04]} Rf2+ {[%clk 00:16:19]} {[%emt 00:00:03]} 59.
Kc1 {[%clk 00:02:09]} {[%emt 00:00:06]} Rg2 {[%clk 00:16:36]} {[%emt 00:00:12]}
0-1

[Event "English Open Championship 2024"]
[Site "Holiday Inn, 212 Abbey End, Kenilworth CV8 1ED, United Kingdom"]
[Date "2024.06.23"]
[Round "7.3"]
[White "Roberson, Peter T"]
[Black "Fernandez, Daniel H"]
[Result "1/2-1/2"]
[TimeControl "G90 + 30secs/move"]
[WhiteFideId "412384"]
[BlackFideId "5801605"]
[WhiteElo "2420"]
[BlackElo "2526"]

1. e4 {[%clk 01:30:57]} {[%emt 00:00:02]} Nf6 {[%clk 01:26:48]} {[%emt
00:04:13]} 2. e5 {[%clk 01:30:53]} {[%emt 00:00:34]} Nd5 {[%clk 01:27:16]}
{[%emt 00:00:02]} 3. d4 {[%clk 01:29:45]} {[%emt 00:01:36]} d6 {[%clk
01:27:35]} {[%emt 00:00:13]} 4. c4 {[%clk 01:30:04]} {[%emt 00:00:11]} Nb6
{[%clk 01:28:02]} {[%emt 00:00:02]} 5. exd6 {[%clk 01:30:27]} {[%emt 00:00:07]}
exd6 {[%clk 01:27:16]} {[%emt 00:01:16]} 6. Nc3 {[%clk 01:26:46]} {[%emt
00:04:12]} Be7 {[%clk 01:27:16]} {[%emt 00:00:29]} 7. Nf3 {[%clk 01:26:36]}
{[%emt 00:00:39]} O-O {[%clk 01:27:35]} {[%emt 00:00:12]} 8. Be2 {[%clk
01:24:22]} {[%emt 00:02:44]} Be6 {[%clk 01:19:29]} {[%emt 00:08:36]} 9. b3
{[%clk 01:15:08]} {[%emt 00:09:45]} a5 {[%clk 01:18:46]} {[%emt 00:01:13]} 10.
O-O {[%clk 01:11:31]} {[%emt 00:04:05]} Re8 {[%clk 01:14:26]} {[%emt 00:04:51]}
11. Be3 {[%clk 01:07:14]} {[%emt 00:04:46]} c6 {[%clk 01:14:44]} {[%emt
00:00:12]} 12. Re1 {[%clk 01:02:54]} {[%emt 00:04:50]} d5 {[%clk 01:11:33]}
{[%emt 00:03:42]} 13. c5 {[%clk 01:02:21]} {[%emt 00:01:03]} N6d7 {[%clk
01:12:02]} {[%emt 00:00:02]} 14. a3 {[%clk 01:00:23]} {[%emt 00:02:27]} Bf6
{[%clk 01:09:40]} {[%emt 00:02:51]} 15. b4 {[%clk 01:00:02]} {[%emt 00:00:51]}
Bg4 {[%clk 01:10:08]} {[%emt 00:00:03]} 16. Qb3 {[%clk 00:56:51]} {[%emt
00:03:41]} axb4 {[%clk 01:07:06]} {[%emt 00:03:32]} 17. axb4 {[%clk 00:56:07]}
{[%emt 00:01:14]} Rxa1 {[%clk 01:03:43]} {[%emt 00:03:54]} 18. Rxa1 {[%clk
00:56:34]} {[%emt 00:00:03]} Nf8 {[%clk 01:04:03]} {[%emt 00:00:09]} 19. Nd2
{[%clk 00:31:49]} {[%emt 00:25:15]} Bf5 {[%clk 00:59:41]} {[%emt 00:04:52]} 20.
Nf1 {[%clk 00:26:17]} {[%emt 00:06:01]} Ne6 {[%clk 00:58:31]} {[%emt 00:01:40]}
21. Qd1 {[%clk 00:25:06]} {[%emt 00:01:41]} Nd7 {[%clk 00:57:26]} {[%emt
00:01:36]} 22. Qd2 {[%clk 00:21:29]} {[%emt 00:04:07]} b6 {[%clk 00:57:48]}
{[%emt 00:00:08]} 23. Ng3 {[%clk 00:19:29]} {[%emt 00:02:30]} Bg6 {[%clk
00:57:57]} {[%emt 00:00:21]} 24. Ra7 {[%clk 00:17:50]} {[%emt 00:02:09]} bxc5
{[%clk 00:57:35]} {[%emt 00:00:52]} 25. bxc5 {[%clk 00:17:52]} {[%emt
00:00:28]} h5 {[%clk 00:35:12]} {[%emt 00:22:53]} 26. Nxh5 {[%clk 00:06:37]}
{[%emt 00:11:45]} Bxh5 {[%clk 00:35:33]} {[%emt 00:00:09]} 27. Bxh5 {[%clk
00:07:05]} {[%emt 00:00:02]} Nxd4 {[%clk 00:35:26]} {[%emt 00:00:37]} 28. g3
{[%clk 00:04:09]} {[%emt 00:03:26]} Ne6 {[%clk 00:33:50]} {[%emt 00:02:06]} 29.
Nxd5 {[%clk 00:01:16]} {[%emt 00:03:23]} cxd5 {[%clk 00:34:17]} {[%emt
00:00:02]} 30. Bxf7+ {[%clk 00:00:37]} {[%emt 00:01:09]} Kxf7 {[%clk 00:33:47]}
{[%emt 00:01:01]} 31. Qxd5 {[%clk 00:00:51]} {[%emt 00:00:16]} Re7 {[%clk
00:33:15]} {[%emt 00:01:01]} 32. c6 {[%clk 00:01:13]} {[%emt 00:00:09]} Nb6
{[%clk 00:31:14]} {[%emt 00:02:31]} 33. Qxd8 {[%clk 00:01:27]} {[%emt
00:00:16]} Nxd8 {[%clk 00:31:41]} {[%emt 00:00:02]} 34. Rxe7+ {[%clk 00:00:34]}
{[%emt 00:01:24]} Bxe7 {[%clk 00:31:45]} {[%emt 00:00:26]} 35. c7 {[%clk
00:00:34]} {[%emt 00:00:30]} Nc8 {[%clk 00:32:12]} {[%emt 00:00:02]} 36. cxd8=Q
{[%clk 00:00:57]} {[%emt 00:00:07]} Bxd8 {[%clk 00:32:37]} {[%emt 00:00:05]} 37.
Kg2 {[%clk 00:00:41]} {[%emt 00:00:47]} Bb6 {[%clk 00:31:57]} {[%emt 00:01:10]}
38. Bd2 {[%clk 00:00:33]} {[%emt 00:00:39]} Nd6 {[%clk 00:32:14]} {[%emt
00:00:12]} 39. f4 {[%clk 00:00:51]} {[%emt 00:00:12]} Bd4 {[%clk 00:31:17]}
{[%emt 00:01:27]} 40. Kf3 {[%clk 00:01:13]} {[%emt 00:00:08]} Ke6 {[%clk
00:31:38]} {[%emt 00:00:08]} 41. h4 {[%clk 00:01:12]} {[%emt 00:00:32]} Kd5
{[%clk 00:31:55]} {[%emt 00:00:13]} 42. h5 {[%clk 00:01:00]} {[%emt 00:00:42]}
Ne4 {[%clk 00:29:45]} {[%emt 00:02:40]} 43. Bc1 {[%clk 00:01:01]} {[%emt
00:00:28]} Nc5 {[%clk 00:29:56]} {[%emt 00:00:20]} 44. f5 {[%clk 00:00:50]}
{[%emt 00:00:41]} Nd3 {[%clk 00:29:50]} {[%emt 00:00:35]} 45. Bf4 {[%clk
00:00:53]} {[%emt 00:00:27]} Ne5+ {[%clk 00:27:03]} {[%emt 00:03:18]} 46. Bxe5
{[%clk 00:01:16]} {[%emt 00:00:07]} Kxe5 {[%clk 00:27:28]} {[%emt 00:00:04]} 47.
h6 {[%clk 00:01:15]} {[%emt 00:00:31]} gxh6 {[%clk 00:27:56]} {[%emt 00:00:02]}
48. g4 {[%clk 00:01:11]} {[%emt 00:00:34]} Kf6 {[%clk 00:28:12]} {[%emt
00:00:14]} 49. Kg2 {[%clk 00:01:39]} {[%emt 00:00:02]} Kg5 {[%clk 00:28:27]}
{[%emt 00:00:16]} 50. Kh1 {[%clk 00:01:46]} {[%emt 00:00:22]} Kh4 {[%clk
00:28:41]} {[%emt 00:00:16]} 51. f6 {[%clk 00:02:09]} {[%emt 00:00:08]} Bxf6
{[%clk 00:28:59]} {[%emt 00:00:12]} 52. Kg2 {[%clk 00:02:37]} {[%emt 00:00:02]}
Be5 {[%clk 00:29:19]} {[%emt 00:00:10]} 53. Kh1 {[%clk 00:03:03]} {[%emt
00:00:03]} Kg3 {[%clk 00:29:30]} {[%emt 00:00:19]} 54. Kg1 {[%clk 00:03:30]}
{[%emt 00:00:03]} Kh3 {[%clk 00:27:03]} {[%emt 00:02:58]} 55. Kh1 {[%clk
00:03:57]} {[%emt 00:00:02]} Bh2 {[%clk 00:27:28]} {[%emt 00:00:05]} 56. g5
{[%clk 00:04:22]} {[%emt 00:00:05]} hxg5 {[%clk 00:26:19]} {[%emt 00:00:03]}
1/2-1/2

[Event "English Open Championship 2024"]
[Site "Holiday Inn, 212 Abbey End, Kenilworth CV8 1ED, United Kingdom"]
[Date "2024.06.23"]
[Round "7.4"]
[White "Willow, Jonah B"]
[Black "Gormally, Daniel W"]
[Result "1/2-1/2"]
[TimeControl "G90 + 30secs/move"]
[WhiteFideId "438804"]
[BlackFideId "406465"]
[WhiteElo "2422"]
[BlackElo "2421"]

1. e4 {[%clk 01:28:03]} {[%emt 00:02:56]} Nc6 {[%clk 01:30:52]} {[%emt
00:00:08]} 2. Nc3 {[%clk 01:24:00]} {[%emt 00:04:33]} Nf6 {[%clk 01:29:26]}
{[%emt 00:01:57]} 3. d4 {[%clk 01:21:15]} {[%emt 00:03:14]} d6 {[%clk
01:29:24]} {[%emt 00:00:32]} 4. d5 {[%clk 01:15:46]} {[%emt 00:06:00]} Nb8
{[%clk 01:28:58]} {[%emt 00:00:56]} 5. Be3 {[%clk 01:15:57]} {[%emt 00:00:18]}
e5 {[%clk 01:23:05]} {[%emt 00:06:23]} 6. dxe6 {[%clk 01:14:22]} {[%emt
00:02:06]} Bxe6 {[%clk 01:23:11]} {[%emt 00:00:23]} 7. Qd2 {[%clk 01:11:23]}
{[%emt 00:03:29]} c6 {[%clk 01:19:45]} {[%emt 00:03:56]} 8. Nf3 {[%clk
01:07:05]} {[%emt 00:04:48]} Be7 {[%clk 01:16:05]} {[%emt 00:04:11]} 9. Nd4
{[%clk 01:05:35]} {[%emt 00:01:59]} Nbd7 {[%clk 01:11:00]} {[%emt 00:05:35]} 10.
h3 {[%clk 01:03:27]} {[%emt 00:02:39]} d5 {[%clk 00:59:52]} {[%emt 00:11:38]}
11. exd5 {[%clk 00:55:35]} {[%emt 00:08:22]} Nxd5 {[%clk 00:56:52]} {[%emt
00:03:29]} 12. Nxe6 {[%clk 00:50:21]} {[%emt 00:05:44]} fxe6 {[%clk 00:57:17]}
{[%emt 00:00:05]} 13. Ne4 {[%clk 00:49:21]} {[%emt 00:01:31]} Nxe3 {[%clk
00:53:56]} {[%emt 00:03:50]} 14. Qxe3 {[%clk 00:49:03]} {[%emt 00:00:48]} Qb6
{[%clk 00:52:36]} {[%emt 00:01:51]} 15. Qxb6 {[%clk 00:46:47]} Nxb6 {[%clk
00:51:53]} {[%emt 00:03:59]} 16. O-O-O {[%clk 00:45:25]} {[%emt 00:01:51]} O-O
{[%clk 00:52:15]} {[%emt 00:00:09]} 17. Be2 {[%clk 00:43:41]} {[%emt 00:02:13]}
e5 {[%clk 00:48:32]} {[%emt 00:04:13]} 18. Rd3 {[%clk 00:40:12]} {[%emt
00:03:59]} Rad8 {[%clk 00:48:34]} {[%emt 00:00:28]} 19. Rb3 {[%clk 00:33:00]}
{[%emt 00:07:42]} Rd4 {[%clk 00:45:27]} {[%emt 00:03:37]} 20. Bf3 {[%clk
00:29:41]} {[%emt 00:03:49]} Rfd8 {[%clk 00:42:04]} {[%emt 00:03:53]} 21. Rd1
{[%clk 00:28:35]} {[%emt 00:01:37]} Rxd1+ {[%clk 00:39:56]} {[%emt 00:02:38]}
22. Bxd1 {[%clk 00:29:03]} {[%emt 00:00:02]} Rd4 {[%clk 00:40:20]} {[%emt
00:00:06]} 23. Bf3 {[%clk 00:28:13]} {[%emt 00:01:20]} Rb4 {[%clk 00:39:23]}
{[%emt 00:01:26]} 24. Rxb4 {[%clk 00:27:17]} {[%emt 00:01:27]} Bxb4 {[%clk
00:39:48]} {[%emt 00:00:05]} 25. Bg4 {[%clk 00:26:39]} {[%emt 00:01:08]} Kf7
{[%clk 00:38:01]} {[%emt 00:02:16]} 26. b3 {[%clk 00:23:42]} {[%emt 00:03:28]}
Be7 {[%clk 00:28:56]} {[%emt 00:09:35]} 27. c4 {[%clk 00:22:58]} {[%emt
00:01:14]} Ke8 {[%clk 00:28:36]} {[%emt 00:00:49]} 28. Kd2 {[%clk 00:22:21]}
{[%emt 00:01:08]} Nd7 {[%clk 00:27:25]} {[%emt 00:01:41]} 29. Bxd7+ {[%clk
00:21:35]} {[%emt 00:01:16]} Kxd7 {[%clk 00:27:51]} {[%emt 00:00:04]} 30. Kd3
{[%clk 00:21:21]} {[%emt 00:00:44]} Ke6 {[%clk 00:28:11]} {[%emt 00:00:09]} 31.
g4 {[%clk 00:21:23]} {[%emt 00:00:29]} b6 {[%clk 00:26:55]} {[%emt 00:01:46]}
32. Ng3 {[%clk 00:20:01]} {[%emt 00:01:51]} g6 {[%clk 00:26:50]} {[%emt
00:00:36]} 33. Ne4 {[%clk 00:18:51]} {[%emt 00:01:40]} h6 {[%clk 00:25:42]}
{[%emt 00:01:37]} 34. Ke3 {[%clk 00:17:33]} {[%emt 00:01:48]} Ba3 {[%clk
00:23:34]} {[%emt 00:02:39]} 35. Kf3 {[%clk 00:16:32]} {[%emt 00:01:30]} Be7
{[%clk 00:20:41]} {[%emt 00:03:24]} 36. Kg3 {[%clk 00:15:41]} {[%emt 00:01:21]}
Bd8 {[%clk 00:19:57]} {[%emt 00:01:13]} 37. Kg2 {[%clk 00:11:05]} {[%emt
00:05:06]} Be7 {[%clk 00:19:26]} {[%emt 00:01:01]} 38. Kf3 {[%clk 00:11:31]}
{[%emt 00:00:05]} Bd8 {[%clk 00:19:29]} {[%emt 00:00:27]} 39. Nc3 {[%clk
00:09:44]} {[%emt 00:02:17]} Bh4 {[%clk 00:17:21]} {[%emt 00:02:38]} 40. Ke3
{[%clk 00:09:35]} {[%emt 00:00:39]} Kd6 {[%clk 00:14:15]} {[%emt 00:03:35]} 41.
Ne4+ {[%clk 00:08:37]} {[%emt 00:01:28]} Ke6 {[%clk 00:14:40]} {[%emt
00:00:06]} 1/2-1/2

[Event "English Open Championship 2024"]
[Site "Holiday Inn, 212 Abbey End, Kenilworth CV8 1ED, United Kingdom"]
[Date "2024.06.23"]
[Round "7.5"]
[White "Bates, Richard A"]
[Black "Derakhshani, Borna"]
[Result "1/2-1/2"]
[TimeControl "G90 + 30secs/move"]
[WhiteFideId "403555"]
[BlackFideId "12518450"]
[WhiteElo "2312"]
[BlackElo "2355"]

1. d4 {[%clk 01:30:52]} {[%emt 00:00:06]} Nf6 {[%clk 01:20:16]} {[%emt
00:10:45]} 2. c4 {[%clk 01:30:11]} {[%emt 00:01:10]} e6 {[%clk 01:20:44]}
{[%emt 00:00:04]} 3. Nf3 {[%clk 01:30:22]} {[%emt 00:00:17]} b6 {[%clk
01:21:11]} {[%emt 00:00:04]} 4. g3 {[%clk 01:30:05]} {[%emt 00:00:47]} Ba6
{[%clk 01:21:36]} {[%emt 00:00:05]} 5. Qc2 {[%clk 01:25:38]} {[%emt 00:04:57]}
c5 {[%clk 01:11:04]} {[%emt 00:11:03]} 6. d5 {[%clk 01:24:23]} {[%emt
00:01:44]} exd5 {[%clk 01:10:50]} {[%emt 00:00:44]} 7. cxd5 {[%clk 01:24:45]}
{[%emt 00:00:08]} d6 {[%clk 01:10:39]} {[%emt 00:00:42]} 8. e4 {[%clk
01:19:05]} {[%emt 00:06:09]} Bxf1 {[%clk 01:10:28]} {[%emt 00:00:41]} 9. Kxf1
{[%clk 01:19:30]} {[%emt 00:00:05]} g6 {[%clk 01:08:06]} {[%emt 00:02:53]} 10.
Kg2 {[%clk 01:17:39]} {[%emt 00:02:20]} Bg7 {[%clk 01:08:29]} {[%emt 00:00:07]}
11. Nc3 {[%clk 01:16:13]} {[%emt 00:01:56]} O-O {[%clk 01:07:12]} {[%emt
00:01:48]} 12. Re1 {[%clk 01:02:01]} {[%emt 00:14:40]} Re8 {[%clk 01:07:06]}
{[%emt 00:00:37]} 13. Bf4 {[%clk 01:01:29]} {[%emt 00:01:00]} a6 {[%clk
01:01:46]} {[%emt 00:05:52]} 14. a4 {[%clk 00:56:03]} {[%emt 00:05:56]} Nh5
{[%clk 00:47:05]} {[%emt 00:15:11]} 15. Bg5 {[%clk 00:52:58]} {[%emt 00:03:34]}
Qc7 {[%clk 00:42:56]} {[%emt 00:04:41]} 16. Nd2 {[%clk 00:37:11]} {[%emt
00:16:15]} Nd7 {[%clk 00:39:47]} {[%emt 00:03:40]} 17. h3 {[%clk 00:28:40]}
{[%emt 00:09:00]} Rab8 {[%clk 00:28:15]} {[%emt 00:12:03]} 18. g4 {[%clk
00:21:18]} {[%emt 00:07:52]} h6 {[%clk 00:28:21]} {[%emt 00:00:24]} 19. Be3
{[%clk 00:20:37]} {[%emt 00:01:10]} Nhf6 {[%clk 00:28:43]} {[%emt 00:00:09]} 20.
Qd3 {[%clk 00:19:14]} {[%emt 00:01:52]} Qb7 {[%clk 00:17:32]} {[%emt 00:11:42]}
21. Nc4 {[%clk 00:19:21]} {[%emt 00:00:23]} Ne5 {[%clk 00:13:38]} {[%emt
00:04:25]} 22. Nxe5 {[%clk 00:19:39]} {[%emt 00:00:11]} Rxe5 {[%clk 00:12:42]}
{[%emt 00:01:25]} 23. Bf4 {[%clk 00:12:17]} {[%emt 00:07:51]} Nd7 {[%clk
00:13:10]} {[%emt 00:00:03]} 24. Bxe5 {[%clk 00:10:02]} {[%emt 00:02:45]} Nxe5
{[%clk 00:13:31]} {[%emt 00:00:10]} 25. Qg3 {[%clk 00:09:01]} {[%emt 00:01:30]}
g5 {[%clk 00:11:38]} {[%emt 00:02:23]} 26. f4 {[%clk 00:07:27]} {[%emt
00:02:04]} Ng6 {[%clk 00:12:08]} 27. fxg5 {[%clk 00:07:08]} {[%emt 00:00:50]}
Be5 {[%clk 00:12:38]} {[%emt 00:00:01]} 28. Qe3 {[%clk 00:06:30]} {[%emt
00:01:06]} Nf4+ {[%clk 00:11:41]} {[%emt 00:01:26]} 29. Kh1 {[%clk 00:06:37]}
{[%emt 00:00:24]} hxg5 {[%clk 00:12:11]} {[%emt 00:00:01]} 30. Ne2 {[%clk
00:06:42]} {[%emt 00:00:24]} Bxb2 {[%clk 00:11:09]} {[%emt 00:01:32]} 31. Nxf4
{[%clk 00:07:00]} {[%emt 00:00:11]} gxf4 {[%clk 00:11:18]} {[%emt 00:00:22]} 32.
Qxf4 {[%clk 00:07:24]} {[%emt 00:00:06]} Bxa1 {[%clk 00:11:33]} {[%emt
00:00:15]} 33. Rxa1 {[%clk 00:07:29]} {[%emt 00:00:24]} Qe7 {[%clk 00:12:00]}
{[%emt 00:00:04]} 34. Re1 {[%clk 00:04:56]} {[%emt 00:03:02]} Re8 {[%clk
00:11:59]} {[%emt 00:00:32]} 35. Rb1 {[%clk 00:04:42]} {[%emt 00:00:44]} Rb8
{[%clk 00:10:48]} {[%emt 00:01:41]} 36. Re1 {[%clk 00:04:57]} {[%emt 00:00:14]}
Re8 {[%clk 00:09:57]} {[%emt 00:00:50]} 1/2-1/2

[Event "English Open Championship 2024"]
[Site "Holiday Inn, 212 Abbey End, Kenilworth CV8 1ED, United Kingdom"]
[Date "2024.06.23"]
[Round "7.6"]
[White "Wadsworth, Matthew J"]
[Black "Shearsby, Jude"]
[Result "1-0"]
[TimeControl "G90 + 30secs/move"]
[WhiteFideId "415804"]
[BlackFideId "462527"]
[WhiteElo "2467"]
[BlackElo "2092"]

1. c4 {[%clk 01:30:56]} {[%emt 00:00:04]} c6 {[%clk 01:30:31]} {[%emt
00:00:22]} 2. Nf3 {[%clk 01:31:01]} {[%emt 00:00:32]} Nf6 {[%clk 01:30:51]}
{[%emt 00:00:10]} 3. g3 {[%clk 01:31:15]} {[%emt 00:00:16]} b5 {[%clk
01:31:16]} {[%emt 00:00:04]} 4. cxb5 {[%clk 01:29:18]} {[%emt 00:02:28]} cxb5
{[%clk 01:31:36]} {[%emt 00:00:10]} 5. Bg2 {[%clk 01:29:41]} {[%emt 00:00:08]}
d5 {[%clk 01:32:01]} {[%emt 00:00:04]} 6. O-O {[%clk 01:22:45]} {[%emt
00:07:26]} e6 {[%clk 01:32:23]} {[%emt 00:00:08]} 7. d4 {[%clk 01:19:59]}
{[%emt 00:03:16]} Bd6 {[%clk 01:32:11]} {[%emt 00:00:42]} 8. a4 {[%clk
01:18:08]} {[%emt 00:02:22]} b4 {[%clk 01:30:23]} {[%emt 00:02:17]} 9. a5
{[%clk 01:17:58]} {[%emt 00:00:41]} O-O {[%clk 01:29:01]} {[%emt 00:01:51]} 10.
Nbd2 {[%clk 01:18:17]} {[%emt 00:00:11]} Nc6 {[%clk 01:25:29]} {[%emt
00:04:01]} 11. Nb3 {[%clk 01:18:36]} {[%emt 00:00:12]} Ba6 {[%clk 01:25:32]}
{[%emt 00:00:27]} 12. Bf4 {[%clk 01:12:02]} {[%emt 00:07:04]} Bxf4 {[%clk
01:16:10]} {[%emt 00:09:52]} 13. gxf4 {[%clk 01:11:56]} {[%emt 00:00:37]} Nh5
{[%clk 01:16:28]} {[%emt 00:00:12]} 14. Qd2 {[%clk 01:10:25]} {[%emt 00:02:01]}
Bc4 {[%clk 00:43:58]} {[%emt 00:32:59]} 15. Rfc1 {[%clk 01:05:07]} {[%emt
00:05:48]} f6 {[%clk 00:35:13]} {[%emt 00:09:15]} 16. Nc5 {[%clk 01:03:01]}
{[%emt 00:02:36]} Nxa5 {[%clk 00:33:19]} {[%emt 00:02:24]} 17. Qe3 {[%clk
00:59:18]} {[%emt 00:04:13]} Re8 {[%clk 00:30:30]} {[%emt 00:03:19]} 18. Nd2
{[%clk 00:57:52]} {[%emt 00:01:56]} Bb5 {[%clk 00:24:23]} {[%emt 00:06:39]} 19.
Nxe6 {[%clk 00:56:30]} {[%emt 00:01:51]} Qd6 {[%clk 00:22:55]} {[%emt
00:01:58]} 20. f5 {[%clk 00:56:42]} {[%emt 00:00:18]} Nc6 {[%clk 00:22:50]}
{[%emt 00:00:35]} 21. Rc5 {[%clk 00:54:12]} {[%emt 00:03:00]} 1-0